1736 1673 1670 1205 1670 1579 1796 1191 1862 1083 1947 1832 1258 1691 1035 1036 1846 1728 1344 1048 1366 1501 1529 1170 1074 1756 1522 1401 1206 1851 1348 1012 1596 1708 1673 1955 1384 1201 1146 1304 1625 1241 1648 1928 1734 1095 1665 1275 1848 1201 1739 1560 1611 1036 1132 1979 1400 1904 1862 1902 1609 1677 1103 1536 1935 1472 1894 1797 1793 1263 1172 1682 1461 1620 1417 1919 1518 1301 1547 1573 1575 1155 1076 1974 1785 1794 1479 1530 1061 1264 1671 1505 1777 1811 1643 1805 1428 1686 1913 BCNSPRNW ULIB Ver.6.0+V

เปลี่ยนเป็นภาษาไทย

Change to English
 แสดงรายละเอียดบรรณานุกรม
  กลับหน้าหลัก

Brief Record : Get Marc (ISO 2709) : E-mail record : QR code < ปิดหน้าต่าง
LEADER : 00000nam 2200000uu 4500
001    13399120231
003     ULIB
008    120917s2548||||th 000 0 tha d
020    ^a9789740866435
060  4 ^aQS4^bร191ก 2548
100 0  ^aแองเจลา รอยสตัน
245 10 ^aร่างกายของมนุษย์ การย่อยอาหาร /^cแฟรงคลิน วัตต์ส
246 32 ^aเราให้พลังงานแก่ร่างกายของเราอย่างไร
250    ^aพิมพ์ครั้งที่1
260    ^aกรุงเทพฯ :^bไทยวัฒนาพานิช,^c2548
945    ^p0^l0^i24795
995    ^aกัณชพร
999    ^aใช้งานได้ทุกระบบ
รายการนี้ยังไม่มีแท็ก
คุณยังไม่ได้ล็อกอิน คุณสามารถมีกิจกรรมร่วมกับเว็บไซต์ได้ แต่ต้องล็อกอินก่อน ::
  ล็อกอิน

รายการสื่อสารสนเทศ

ลำดับที่ ประเภท เลขเรียก/บาร์โค้ด สถานที่ สถานะ
1. วิทยาศาสตร์การแพทย์ และสุขภาพ
วิทยาศาสตร์การแพทย์ และสุขภาพ
QS4 ร191ก 2548  
  Barcode: 24795
ห้องสมุดวิทยาเขตสวรรค์ประชารักษ์
►หนังสือทั่วไป
บนชั้น

BibComment


ยังไม่เคยถูกคอมเมนท์

คอมเมนท์ทรัพยากรรายการนี้
  คอมเมนท์: ร่างกายของมนุษย์..


 Copyright 2026. Bcnsprnw @Library